Concerning the question of Tibet (Record no. 1081610)

MARC details
000 -LEADER
fixed length control field 00729nam a2200265Ia 4500
003 - CONTROL NUMBER IDENTIFIER
control field OSt
005 - DATE AND TIME OF LATEST TRANSACTION
control field 20221006145022.0
008 - FIXED-LENGTH DATA ELEMENTS--GENERAL INFORMATION
fixed length control field 221006b |||||||| |||| 00| 0 eng d
037 ## - SOURCE OF ACQUISITION
Terms of availability Textual
040 ## - CATALOGING SOURCE
Original cataloging agency EASL
Transcribing agency EASL
Language of cataloging eng
041 ## - LANGUAGE CODE
Source of code eng
Language code of text/sound track or separate title eng
245 #0 - TITLE STATEMENT
Title Concerning the question of Tibet
260 ## - PUBLICATION, DISTRIBUTION, ETC.
Place of publication, distribution, etc. Peking
Name of publisher, distributor, etc. Foreign Languages Press China
Date of publication, distribution, etc. 1959
300 ## - PHYSICAL DESCRIPTION
Extent 238p.
Dimensions cm.
490 ## - SERIES STATEMENT
Volume/sequential designation Oth
650 ## - SUBJECT ADDED ENTRY--TOPICAL TERM
Topical term or geographic name entry element Gen
650 ## - SUBJECT ADDED ENTRY--TOPICAL TERM
Topical term or geographic name entry element State Council of the Peoples Republic of China
9 (RLIN) 653335
650 ## - SUBJECT ADDED ENTRY--TOPICAL TERM
Topical term or geographic name entry element Communique on Rebellion in Tibet
9 (RLIN) 653336
942 ## - ADDED ENTRY ELEMENTS (KOHA)
Classification part V498.N5, J9
Koha item type Textual
Source of classification or shelving scheme Colon Classification (CC)
Holdings
Withdrawn status Lost status Source of classification or shelving scheme Damaged status Not for loan Home library Current library Date acquired Serial Enumeration / chronology Total Checkouts Full call number Barcode Date last seen Price effective from Koha item type
    Colon Classification (CC)     Department of East Asian Studies Library Department of East Asian Studies Library 2022-10-06 Oth   V498.N5 J9 EA0557115 2022-10-06 2022-10-06 Textual
Copyright @ Delhi University Library System